| 000 | 01534cam a22003015a 4500 | ||
|---|---|---|---|
| 005 | 20091228021628.0 | ||
| 008 | 091222s2010 ii a b 100 0 eng | ||
| 010 | _aENG-95803 | ||
| 020 |
_a9780198060963 _c795.00 |
||
| 020 |
_a0198060963 _c795.00 |
||
| 035 | _aEN-79336 | ||
| 037 | _bDBAD/PUB | ||
| 040 | _aDPL | ||
| 245 |
_aArchaeology and text : _bthe temple in South Asia / _cedited by Himanshu Prabha Ray. |
||
| 246 | _aTemple in South Asia | ||
| 260 |
_aNew Delhi : _bOxford University Press, _c2010. |
||
| 300 |
_axvi, 311 p. : _bill. ; _c23 cm.(Hb) |
||
| 500 | _aIncludes bibliographical references. | ||
| 520 | _aContributed articles presented at the Shivdasani Conference 2007, Archaeology and Text: the Temple in South Asia held at Danson Room, Trinity College, Oxford University, 201-21 October, 2007 on socio-cultural aspects of Hindu temples, its architecture and sacred spaces per se predominantly studied in context of Indian temples moderated by Oxford Centre for Hindu Studies. | ||
| 650 |
_aHindu temples _xSocial aspects _zIndia _vCongresses. |
||
| 650 |
_aHindu architecture _xSocial aspects _zIndia _vCongresses. |
||
| 650 |
_aSacred space _zIndia _vCongresses. |
||
| 700 | _aRay, Himanshu Prabha. | ||
| 710 | _aOxford Centre for Hindu Studies. | ||
| 942 |
_2ddc _cEN _mARC |
||
| 999 |
_c33559 _d33559 |
||